| 000 | 00827nam a2200205Ii 4500 | ||
|---|---|---|---|
| 003 | JO-AjNU | ||
| 008 | 230605s9999||||xx |||||||||||||| ||und|| | ||
| 040 |
_aJO-AjNU _bara _erda _cJO-AjNU |
||
| 041 | _aara | ||
| 050 | 1 | 4 | _aKBP895.A65.2006 |
| 100 | 3 |
_a عامر ، باسم أحمد , _eauthor _917557 |
|
| 245 | 0 | 0 | _aالجوائز أحكامها وصورها المعاصرة |
| 250 | _aط1 | ||
| 264 | 3 | 1 | _aعمان : دار النفائس ، 2006 |
| 300 |
_a159ص _bيشتمل على قائمة المصادر والمراجع الببلوغرافية ص ( 143 - 156 ) |
||
| 336 |
_atext _btxt _2rdacontent |
||
| 337 |
_aunmediated _bn _2rdamedia |
||
| 338 |
_avolume _bnc _2rdacarrier |
||
| 650 | 4 |
_aالمسابقات (فقه إسلامي) -- الجوائز والمكأفات -- الإسلام والترقية _917558 |
|
| 999 |
_aA5446 _c9014 _d9014 |
||